Statistiques concernant Culture Générale - Série 1524

Cliquez ici pour prendre le quiz!

Statistiques générales

  • Ce quiz a été pris 95 fois
  • Le résultat moyen est 5 sur 10

Statistiques - réponses

QuestionRéponse% Correct
Quel prénom masculin désigne aussi un débardeur pour homme ?Marcel
98%
A l'aide de quel animal Cléopâtre s'est-elle donné la mort ?serpent
86%
En équitation, quel nom signifiant : "fouet de cuir", donne-t-on à la tige tenue à la main et utilisée pour encourager le cheval ?cravache
68%
La plante appelée "mirabilis", dont la fleur ne s'ouvre qu'au crépuscule, est la belle-...de-nuit
56%
En référence à la couleur de leur chèche, comment a-t-on surnommé les Touaregs ?les hommes bleus
40%
Quel nom désigne le filament mobile constituant la queue d'un spermatozoïde ?flagelle
31%
A Lyon, la spécialité culinaire à base de gras-double est connue sous le nom de "tablier de...sapeur
29%
Quel médecin fondateur de l'hôpital de Lambaréné, au Gabon, a reçu le prix Nobel de la paix en 1952 ?Albert Schweitzer
22%
Dans la chanson "Ces gens-là" de Jacques Brel, comment se prénomme la femme "qui est belle comme un soleil" ?Frida
20%
En Bretagne, comment appelle-t-on le coquillage ayant pour synonymes : patelle, arapède ou encore chapeau chinois pour les enfants ?bernique
10%

Distribution des résultats

Percentile par nombre de réponses

% des personnes avec chaque résultat

Votre développement - résultats

Vous n’avez pas pris ce quiz